Noms des logos de voitures avec images - Statistiques

Statistiques générales
  • Ce quiz a été pris 250 fois
  • Le résultat moyen est 10 sur 11
Statistiques - réponses
Par images Hint Réponse % Correct
BMW
99%
Ferrari
99%
Mercedes
97%
Tesla
97%
Opel
93%
Porsche
92%
L---------i Lamborghini
91%
B--t--- Bentley
90%
Volkswagen
90%
L---s Lexus
87%
Marque italienne Maserati
80%
Aucun quiz correspondant
Distribution des résultats
% des personnes avec chaque résultat
Percentile par nombre de réponses
Votre historique - résultats
Vous n’avez pas pris ce quiz